| 000 | 01110nmm a2200349 a 4500 | ||
|---|---|---|---|
| 003 | AR-BaBNM | ||
| 005 | 20251128210021.0 | ||
| 008 | 178119s1995 ||||||||||||||000 | spa|| | ||
| 020 | _a987-95631-0-7 | ||
| 040 | _cAR-BaBNM | ||
| 245 | 1 | 0 | _aLa gestión cultural de la ciudad ante el próximo milenio |
| 260 |
_aBuenos Aires _bCICCUS _c1995 |
||
| 300 | 0 | _a352 p. | |
| 500 | 1 | _aCICCUS: CENTRO DE INTEGRACION, COMUNICACION, CULTURA Y SOCIEDAD | |
| 500 | 0 | _aContiene síntesis curricular de los autores de las ponencias p. 271-283 | |
| 500 | 0 | _aResumen de ponencias presentadas en comisiones de trabajos p. 285-343 | |
| 650 | 4 | _aGESTION CULTURAL | |
| 650 | 4 | _aBIENES CULTURALES | |
| 650 | 4 | _aSOCIOLOGIA CULTURAL | |
| 650 | 4 | _aDERECHOS CULTURALES | |
| 650 | 4 | _aPATRIMONIO CULTURAL | |
| 650 | 4 | _aPOLITICA CULTURAL | |
| 650 | 4 | _aORGANIZACIONES CULTURALES | |
| 650 | 4 | _aANTROPOLOGIA CULTURAL Y SOCIAL | |
| 650 | 4 | _aSIGLO VEINTIUNO | |
| 651 | 4 | _aArgentina | |
| 653 | 0 | _aMODERNIDAD | |
| 653 | 0 | _aGLOBALIZACION | |
| 700 | 1 |
_aVellegia, Susana _ecompilador |
|
| 942 | _cBK | ||
| 998 | _cMariana | ||
| 999 |
_c13723 _d13723 |
||